000 00585 a2200205 4500
005 20260214105742.0
008 260212b |||||||| |||| 00| 0 eng d
020 _a9781032881416
_cRs. 1295.00
040 _aMAIN
082 _a305.6970941
_bK527M
100 _aKhan, Sabah
245 _aMuslim diaspora in Britain: Identity and transnationalism among south asian muslim communities
260 _bRoutledge
_c2024
_aLondon
300 _axiv, 131
650 _aSocial Science
650 _aSocial Groups
650 _aGroups- Religion
650 _aMuslims
942 _cBK
999 _c395059
_d395059